[Event "Mechanics' Fall TNM; 30/90, SD/30"]
[Site "San Francisco"]
[Date "2012.10.16"]
[Round "1.5"]
[White "Rumph, Todd"]
[Black "Donnelly, Parick"]
[Result "1-0"]
[WhiteElo "2188"]
[BlackElo "1647"]
[Annotator "Rumph"]
[PlyCount "33"]
[EventDate "2012.??.??"]

1. c4 e5 2. g3 Nf6 3. Bg2 d5 4. cxd5 Nxd5 5. Nc3 Be6 6. Nf3 Nc6 (6... Nxc3 7.
bxc3 e4 $2 8. Qa4+) 7. O-O f6 8. d4 Nxc3 9. bxc3 Be7 (9... e4 10. Nd2 f5 11. f3
exf3 (11... e3 $2 12. Nb3 $16) 12. Bxf3 Bd5 $2 (12... Nxd4 $5 13. Bxb7 Rb8 14.
Rb1 {is messy, but maybe survivable for Black.}) (12... Bd6 13. Rb1 O-O (13...
Rb8 $2 14. Rxb7 $18) 14. Rxb7 $16) 13. e4 {and Black is in trouble.}) 10. Nxe5
$1 {setting up a potential fork at d5.} Nxe5 ({Another decent try was} 10...
fxe5 11. d5 Bf5 (11... Bd7 $6 12. dxc6 Bxc6 13. Bxc6+ bxc6 14. Qa4 Qd6 15. Rd1
Qe6 16. Ba3 $16) 12. dxc6 Qxd1 13. Rxd1 b6 14. c4 $1 O-O 15. Bd5+ Kh8 16. Bb2
$16) 11. dxe5 O-O $1 {Correctly giving up either the f or b pawn for activity.
Black is now ahead in development, so White can't eat too much...} 12. Qc2 $5 {
Even though I missed Black's 14th move, this is still OK. If I'd seen 14...Bc5,
then I probably wouldhaveplayed} (12. Be3 c6 13. exf6 Bxf6 14. Qc2 Qa5 15. Bd4
Rad8 16. Rfd1 {and Black probably doesn't have enough activity for his pawn.})
12... fxe5 13. Bxb7 Rb8 14. Be4 Bc5 $1 {I only looked at} (14... h6 15. Be3 {
and White is much better.}) (14... g6 $2 15. Bxg6 hxg6 $4 16. Qxg6+ Kh8 17.
Qh6+ Kg8 18. Qxe6+ $18) 15. e3 {I was very concerned about} (15. Bxh7+ Kh8 16.
Be4 {(anticipating Bh3)} Qf6 17. e3 Bc4 18. Rd1 {because of Black's potential
K-side attack and the hard-to-develop White Q-side. Black has some decent
ideas here: Rb6, Qf7 (keeping the rook tied to the a-pawn), and then Rf6. The
computer likes White here, but I don't defend like a computer :).}) ({
I also looked at} 15. Be3 Bxe3 16. fxe3 Qg5 17. Bxh7+ Kh8 18. Be4 Bh3 $14)
15... h5 16. Qe2 Bg4 $4 (16... Qe8 {
was forced, and Black has good compensation for the pawn. A sample line is} 17.
Rb1 (17. c4 {
was my original plan, but hopefully I would have noticed that Qf7 wins a pawn::
} Qf7 18. Bd3 $2 Bh3 19. Re1 Bb4) 17... Rb6 18. Rb2 Qf7 19. Rd1 h4 20. Rdd2 {
Black is very active.}) 17. Qc4+ (17. Qc4+ Kh8 18. Qxc5 {White's up a piece})
1-0

[Event "Mechanics' Fall TNM; 30/90, SD/30"]
[Site "San Francisco"]
[Date "2012.12.11"]
[Round "9.2"]
[White "Rumph, Todd"]
[Black "Jones, James"]
[Result "1-0"]
[WhiteElo "2188"]
[BlackElo "2042"]
[Annotator "Donaldson"]
[PlyCount "61"]
[EventDate "2012.??.??"]

1. d4 b6 2. c4 Bb7 3. Nc3 e6 4. a3 d5 5. cxd5 exd5 6. Nf3 Be7 7. Bf4 Nf6 8. e3
O-O 9. Bd3 Nbd7 10. O-O Nh5 11. Ne5 Nxf4 12. exf4 Nf6 13. Qf3 c5 14. Rad1 c4
15. Bc2 a6 16. Nxc4 b5 17. Ne5 Rc8 18. g4 b4 19. axb4 Bxb4 20. g5 (20. Bf5)
20... Ne4 21. Nxe4 Rxc2 22. Qb3 Rc7 23. Qxb4 dxe4 24. Qd2 f6 25. Ng4 fxg5 26.
fxg5 Qc8 27. Ne3 Qh3 28. d5 Rc5 29. Qe2 Rf3 30. Rd4 $11 Qh4 $4 31. Qxf3 1-0

[Event "Mechanics' Mar TNM; 30/90, SD/30"]
[Site "San Francisco"]
[Date "2012.08.14"]
[Round "3.3"]
[White "Rumph, Todd"]
[Black "Krasnov, Steven"]
[Result "1-0"]
[WhiteElo "2179"]
[BlackElo "1962"]
[PlyCount "59"]
[EventDate "2012.??.??"]

1. d4 d5 2. c4 c6 3. Nc3 Nf6 4. e3 a6 5. Qc2 g6 6. Bd3 dxc4 7. Bxc4 Bg7 8. Nf3
O-O 9. O-O Bf5 10. Qb3 b5 11. Bxf7+ Rxf7 12. Ng5 Qe8 13. e4 Nxe4 (13... Bc8 14.
e5 Nd5 15. Nxd5 cxd5 16. Qxd5 e6 (16... Ra7 17. Nxf7 Qxf7 18. Qc5) 17. Qxa8 Bb7
18. Qa7) 14. Ncxe4 Bxe4 15. Nxe4 e6 16. Nd6 Qd7 17. Nxf7 Qxf7 18. Re1 Bxd4 19.
Be3 Bg7 20. Rac1 a5 21. a4 bxa4 22. Qxa4 Bxb2 23. Rc4 Ra6 24. Qb3 Be5 25. Re4
a4 26. Qc4 Bf6 27. Rxe6 a3 28. Re8+ Kg7 29. Bh6+ Kxh6 30. Qxf7 1-0

[Event "Mechanics' Summer TNM; 30/90, SD/30"]
[Site "San Francisco"]
[Date "2012.06.12"]
[Round "4.3"]
[White "Rumph, Todd"]
[Black "Ledford, Steven"]
[Result "1-0"]
[WhiteElo "2182"]
[BlackElo "1924"]
[PlyCount "97"]
[EventDate "2012.??.??"]

1. c4 Nf6 2. Nc3 g6 3. g3 Bg7 4. Bg2 d6 5. e4 c5 6. Nge2 e5 7. d3 h6 8. h3 Nc6
9. Be3 Nd4 10. Rb1 O-O 11. Qd2 Kh7 12. g4 Qa5 13. O-O Be6 14. a3 Rac8 15. b4
cxb4 16. axb4 Nxe2+ 17. Qxe2 Qd8 18. b5 b6 19. Ra1 Rc7 20. Na2 Nd7 21. Nb4 Nc5
22. Ra3 Qd7 23. Rfa1 Rfc8 24. Nc6 a5 25. Rd1 Qe8 26. f4 f6 27. d4 exd4 28. Bxd4
Qf7 29. Rc3 Bf8 30. f5 Bd7 31. fxg6+ Qxg6 32. Bxc5 dxc5 33. e5 Bxc6 34. bxc6
Qe8 35. Qd3+ Kh8 36. exf6 Qe5 37. Rf1 Bd6 38. Qe3 Qh2+ 39. Kf2 Be5 40. Qxh6+
Rh7 41. Qd2 Bd4+ 42. Ke1 Qe5+ 43. Kd1 Bxc3 44. Qd5 Qe8 45. f7 Qf8 46. Kc2 Bg7
47. Qf5 Rh6 48. g5 Rd6 49. Be4 1-0

[Event "Mechanics' Winter TNM; 30/90, SD/30"]
[Site "San Francisco"]
[Date "2012.01.24"]
[Round "4.2"]
[White "Rumph, Todd"]
[Black "Narayanan, Praveen"]
[Result "1-0"]
[WhiteElo "2168"]
[BlackElo "1986"]
[Annotator "Rumph"]
[PlyCount "63"]
[EventDate "2012.??.??"]

1. d4 Nf6 2. c4 e6 3. Nc3 Bb4 4. a3 {The Sämisch variation of the Nimzo-Indian}
Bxc3+ 5. bxc3 d5 (5... c5) (5... d6) (5... Ne4) 6. e3 c5 7. cxd5 exd5 8. Bd3 c4
$2 {This move kills much of Black's counterplay, while doing nothing to stop
White's long-term plan to play Ne2, 0-0, f3, and e4, followed by an attack on
the kingside.} (8... O-O 9. Ne2 b6 10. f3 Re8 11. O-O Ba6 12. Bxa6 Nxa6 13. Ng3
{with chances for both sides.}) 9. Bb1 {
Forseeing a rook lift starting with Ra2.} O-O 10. Ne2 Ne4 $5 {An interesting
plan to transfer the knight to d6, possibly followed by Bf5 and Nd7-f6.} 11. f3
Nd6 12. O-O (12. Ng3 {allows Black to play 12...} f5 $5 {
This may be good for White, but 0-0 is more flexible.}) 12... Re8 (12... f5 13.
Nf4 $1 $16 Qa5 14. Qe1 Nc6 15. a4 Bd7 16. Ba3 Rf6 17. e4 dxe4 18. Bxd6 Rxd6 19.
fxe4) 13. Ra2 Nd7 14. Ng3 ({The plan of} 14. g4 $1 {followed by Ng3 and Re2,
Raf2, or Rg2 looks better, as in Kacheivili-Jenni, Linares, 2001.}) 14... Nf6
15. e4 ({White needs to get his attack going, even at the cost of a pawn.
Black gets counterchances after} 15. Re2 h5 $1 16. Rfe1 (16. Qe1 {
might be better}) ({I don't think I'm brave enough for} 16. h4 $5) 16... h4 17.
Nf1 h3 $132) 15... dxe4 16. Bg5 e3 (16... exf3 $2 17. Qxf3 (17. Nh5 $2 Bg4 18.
Nxf6+ gxf6 19. gxf3 Bh3 $1 20. Bh4 (20. Qc2 $2 Bf5 21. Qd2 fxg5 $19) 20... Bxf1
21. Qxf1 Kh8 {looks OK for Black.}) 17... h6 18. Bxf6 Qxf6 19. Qxf6 gxf6 20.
Nh5 $16 {with attacking chances against Black's weakened kingside.}) 17. Ne4 ({
Also good was} 17. Qc2 Kf8 (17... h6 18. Bxf6 Qxf6 19. Qh7+ Kf8 20. Re2 $16) (
17... g6 18. Ne4 Rxe4 19. fxe4 Ndxe4 20. Qxe4 Nxe4 21. Bxd8 Nxc3 22. Bg5 Nxa2
23. Bxa2 b5 $16) 18. Re1 $1 (18. Bxf6 Qxf6 19. Qxh7 Qh6 20. Qxh6 gxh6 $14)
18... h6 19. Bxf6 Qxf6 20. Qh7 Qg5 (20... Qf4 21. Qh8+ Ke7 22. Qxg7) 21. Rae2
f5 22. f4 $40) 17... Nfxe4 $5 ({A fantastic idea! Objectively, this move isn't
the best, but White can easily go wrong in the unbalanced positions that
result. I only considered two main variations: A.} 17... Ndxe4 18. fxe4 Bg4 19.
Qxg4 $6 ({I missed} 19. Qe1 $1 e2 20. Rf4 $1 Bh5 21. g4 Bg6 22. Bxf6 gxf6 23.
Rxe2 $16) 19... Nxg4 20. Bxd8 Raxd8 21. Re2 $14 ({Not} 21. e5 $2 f6 22. h3 fxe5
$1 23. hxg4 exd4 24. cxd4 Rxd4 $11 {with three pawn for the piece.})) ({and B.
} 17... Bf5 18. Nxd6 (18. Bxf6 $2 gxf6 19. Nxd6 Bxb1 20. Nxf7 Qb6 21. Qxb1 e2
$13) 18... Bxb1 19. Nxe8 $1 {(Praveen's suggestion)} (19. Nxf7 Qb6 20. Qxb1 e2
{is messy and looks good for Black.}) 19... Bxa2 20. Nxf6+ gxf6 21. Bxe3 $16)
18. Bxd8 Nxc3 19. Qe1 ({I didn't like} 19. Qc2 Nxb1 20. Qxb1 Bf5 21. Qc1 Raxd8
22. Re1 Bd3 23. Rxe3 Rxe3 24. Qxe3 Nf5 {although White may be better.}) ({
I also didn't feel confident about} 19. Bxh7+ Kxh7 20. Qc2+ Bf5 21. Qxc3 Raxd8
22. Re1 Bd3) 19... Nxb1 20. g4 $5 {A tactical twist allows White to defer
capturing the knight and prevents the Bc8 from developing to f5. However, a
better alternative was} (20. Bf6 $1 Bf5 (20... Nd2 21. Bxg7 $1 $40 {
I missed this}) 21. Be5 $16 Nb5 (21... Rad8 $2 22. Qg3 $18) 22. Qg3 g6 $16 {
Black's kingside is full of holes.}) 20... Nd2 $8 (20... Rxd8 $2 21. Qxb1 $16 {
is good for White -- the e-pawn will fall.}) 21. Bc7 $1 {
Removing the guard of the rook at e8, which will allow Rxd2.} Nb5 (21... c3 22.
Bxd6 Be6 23. Rc2 Bc4 24. Rxc3 Bxf1 $13 {
might have been Black's best practical chance.}) 22. Rxd2 Nxc7 23. Rc2 $1 {
Eyeing the c pawn and setting a nasty trap, which Black falls into.} b5 $2 ({
Best was} 23... b6 24. Qb4 $1 {It's critical to activate the Rf1.} (24. Rxc4 $2
Nd5 25. Qc1 Ba6 26. Re1 Bxc4 27. Qxc4 Rad8 $11) 24... Ba6 (24... Nd5 $2 25.
Qxc4 $16) 25. Re1 $14 {, for example} Rad8 26. Rce2 h6 (26... Nd5 $2 27. Qa4
Bb7 28. Qxc4 $16) 27. Rxe3 Rxe3 28. Rxe3 Nd5 29. Qe1 Nxe3 30. Qxe3 $14 {
Black has counterplay with the passed c-pawn.}) 24. Qa5 $18 Re7 ({
Also losing was} 24... Nd5 25. Qxb5 Be6 26. Rxc4 Nf4 27. Rc7 $18) 25. d5 $1 {
This pawn will tie Black's pieces into a knot.} Rd7 (25... Nxd5 $4 26. Qd8+ {
mating}) 26. d6 Ne8 (26... Rxd6 27. Qxc7 $18) (26... Ne6 27. Qxb5 Rxd6 28. Qe8+
Nf8 29. Qxe3 $18 {and White has accomplished all of his goals.}) 27. Qxb5 Nxd6
28. Qc6 Rb8 29. Rd1 Rb6 30. Qxc8+ $1 {Cutting the knot.} Nxc8 31. Rxd7 Rd6 32.
Rxc4 1-0

[Event "Mechanics' Mar TNM; 30/90, SD/30"]
[Site "San Francisco"]
[Date "2012.07.31"]
[Round "1.3"]
[White "Rumph, Todd"]
[Black "Ryaboy, Vadim"]
[Result "1-0"]
[WhiteElo "2179"]
[BlackElo "1781"]
[PlyCount "69"]
[EventDate "2012.??.??"]

1. c4 e5 2. g3 Nf6 3. Bg2 c6 4. d4 e4 5. Nc3 d5 6. Bg5 Be6 7. cxd5 cxd5 8. Nh3
Nbd7 9. Nf4 Qb6 10. Rb1 Rc8 11. O-O Rc4 12. e3 h6 13. Bxf6 Nxf6 14. f3 exf3 15.
Bxf3 Qd8 16. Be2 Rb4 17. Nxe6 fxe6 18. Bb5+ Rxb5 19. Nxb5 a6 20. Nc3 Bd6 21.
Qa4+ Ke7 22. Qc2 Qe8 23. Rbe1 Bb4 24. Qb3 Bd6 25. Qxb7+ Nd7 26. e4 Qg6 27. e5
Bxe5 28. Nxd5+ exd5 29. Rxe5+ Kd8 30. Qa8+ Kc7 31. Rc1+ Kb6 32. Qxh8 Nxe5 33.
Qb8+ Ka5 34. Rc5+ Ka4 35. Qb3# 1-0

[Event "Mechanics' Winter TNM; 30/90, SD/30"]
[Site "San Francisco"]
[Date "2012.02.07"]
[Round "6.2"]
[White "Rumph, Todd"]
[Black "Traub, Igor"]
[Result "1/2-1/2"]
[WhiteElo "2168"]
[BlackElo "2126"]
[PlyCount "101"]
[EventDate "2012.??.??"]

1. c4 e5 2. g3 Nf6 3. Bg2 Bc5 4. Nc3 O-O 5. Nf3 Nc6 6. d3 h6 7. O-O a5 8. Nxe5
Nxe5 9. d4 Bd6 10. c5 Be7 11. dxe5 Nh7 12. Be3 Ra6 13. Nd5 f6 14. Qb3 Kh8 15.
Nf4 fxe5 16. Nd3 d6 17. Rad1 Bf6 18. Bxb7 Bxb7 19. Qxb7 Qc8 20. Qxc8 Rxc8 21.
f4 e4 22. Nf2 Bxb2 23. Nxe4 Re8 24. cxd6 cxd6 25. Nxd6 Rxe3 26. Nc4 Rxe2 27.
Rd8+ Nf8 28. Rxf8+ Kh7 29. Nxb2 Rxb2 30. Rf2 Rxf2 31. Kxf2 Rb6 32. Re8 a4 33.
Kf3 Rb2 34. Re2 a3 35. Ke3 Kg6 36. Kd3 Rb6 37. Kc3 h5 38. Rd2 Kh6 39. h3 Kg6
40. Re2 Kh6 41. g4 h4 42. Rd2 Rb1 43. Rd6+ Kh7 44. Rd5 g6 45. Rd7+ Kg8 46. Ra7
Rh1 47. Kd4 Rxh3 48. Ke5 Rf3 49. Kf6 Rxf4+ 50. Kxg6 Rxg4+ 51. Kh5 1/2-1/2

[Event "Mechanics' Spring TNM; 30/90, SD/30"]
[Site "San Francisco"]
[Date "2012.04.03"]
[Round "4.5"]
[White "Rumph, Todd"]
[Black "Watson, Farid"]
[Result "1-0"]
[WhiteElo "2183"]
[BlackElo "2025"]
[PlyCount "69"]
[EventDate "2012.??.??"]

1. d4 Nf6 2. c4 e6 3. Nc3 Bb4 4. a3 Bxc3+ 5. bxc3 c5 6. e3 b6 7. Bd3 Bb7 8. f3
d5 9. cxd5 exd5 10. Ne2 O-O 11. O-O Re8 12. Ra2 Nc6 13. g4 Na5 14. Ng3 Nc4 15.
e4 cxd4 16. cxd4 b5 17. e5 Nd7 18. Nf5 Ndb6 19. Bb1 Nd7 20. g5 Qb6 21. f4 Nf8
22. Rg2 Bc8 23. Nh6+ gxh6 24. gxh6+ Ng6 25. Qh5 Kh8 26. Kh1 Qxd4 27. Qg5 Qb6
28. f5 Qd8 29. fxg6 fxg6 30. Rf7 Qxg5 31. Bxg5 Bh3 32. Bf6+ Kg8 33. Rg7+ Kf8
34. Rf2 Rec8 35. Bg5+ 1-0

[Event "Mechanics' Fall TNM; 30/90, SD/30"]
[Site "San Francisco"]
[Date "2012.11.20"]
[Round "6.1"]
[White "Rumph, Todd"]
[Black "Winslow, Elliott"]
[Result "1/2-1/2"]
[WhiteElo "2188"]
[BlackElo "2293"]
[PlyCount "53"]
[EventDate "2012.??.??"]

1. c4 e6 2. d4 Nf6 3. Nc3 Bb4 4. e3 c5 5. Nge2 cxd4 6. exd4 O-O 7. a3 Be7 8. d5
exd5 9. cxd5 Re8 10. g3 b6 11. d6 Bf8 12. Bg2 Nc6 13. O-O Ba6 14. Re1 Re6 15.
Qa4 Bxe2 16. Rxe2 Rxe2 17. Nxe2 Bxd6 18. Be3 Rc8 19. Rd1 Qe7 20. Nc3 Bc5 21.
Bg5 Qe5 22. Bxf6 Qxf6 23. Ne4 Qxb2 24. Nxc5 bxc5 25. Bxc6 dxc6 26. Qxa7 c4 27.
Qa6 1/2-1/2

[Event "Mechanics' Summer TNM; 30/90, SD/30"]
[Site "San Francisco"]
[Date "2012.06.26"]
[Round "6.4"]
[White "Rumph, Todd"]
[Black "Winslow, Elliott"]
[Result "1/2-1/2"]
[WhiteElo "2182"]
[BlackElo "2365"]
[PlyCount "43"]
[EventDate "2012.??.??"]

1. c4 b6 2. Nc3 e6 3. e4 Bb7 4. Nge2 c5 5. d3 Nf6 6. g3 d5 7. exd5 exd5 8. Bg2
Qd7 9. Nf4 dxc4 10. Bxb7 Qxb7 11. O-O Be7 12. dxc4 O-O 13. Nfd5 Nxd5 14. Nxd5
Nc6 15. Re1 Rae8 16. b3 Bd6 $4 17. Bb2 $4 (17. Nf6+ $1 gxf6 18. Qg4+ Kh8 19.
Bh6 {mates!}) 17... Be5 18. Bxe5 Nxe5 19. Qh5 f6 20. Re3 Qf7 21. Qxf7+ Kxf7 22.
Rd1 1/2-1/2

[Event "Mechanics' Mar TNM; 30/90, SD/30"]
[Site "San Francisco"]
[Date "2012.08.21"]
[Round "4.1"]
[White "Rumph, Todd"]
[Black "Winslow, Elliott"]
[Result "0-1"]
[WhiteElo "2179"]
[BlackElo "2342"]
[PlyCount "82"]
[EventDate "2012.??.??"]

1. c4 Nf6 2. Nc3 g6 3. g3 Bg7 4. Bg2 O-O 5. e4 d6 6. Nge2 Nc6 7. d3 e5 8. O-O
Nh5 9. Be3 f5 10. Qd2 Nd4 11. exf5 Nxf5 12. d4 exd4 13. Bxd4 Nxd4 14. Nxd4 c6
15. h3 Qb6 16. Rad1 Bd7 17. Kh2 Rad8 18. b3 Bc8 19. f4 Rfe8 20. Ne4 d5 21. c5
Qc7 22. Nd6 Rxd6 23. cxd6 Qxd6 24. Rde1 Rf8 25. Bf3 Nf6 26. b4 Bd7 27. a3 a5
28. Re3 axb4 29. axb4 g5 30. Ne2 g4 31. hxg4 Nxg4+ 32. Bxg4 Bxg4 33. Nd4 b6 34.
Rfe1 c5 35. Ne6 d4 36. Kg1 Rf6 37. f5 Bh6 38. Ng5 dxe3 39. Qa2+ Kh8 40. Nf7+
Rxf7 41. Qxf7 Qxg3+ 0-1

[Event "Mechanics' Winter TNM; 30/90, SD/30"]
[Site "San Francisco"]
[Date "2012.02.21"]
[Round "8.1"]
[White "Rumph, Todd"]
[Black "Winslow, Elliott"]
[Result "0-1"]
[WhiteElo "2168"]
[BlackElo "2421"]
[PlyCount "68"]
[EventDate "2012.??.??"]

1. c4 e5 2. g3 Nf6 3. Bg2 d6 4. Nc3 g6 5. e4 Bg7 6. Nge2 O-O 7. d3 c6 8. O-O
Be6 9. h3 Qd7 10. Kh2 d5 11. exd5 cxd5 12. Bg5 d4 13. Bxf6 Bxf6 14. Ne4 Be7 15.
b4 f5 16. Nc5 Bxc5 17. bxc5 Na6 18. f4 e4 19. c6 bxc6 20. dxe4 d3 21. Nc3 Nc5
22. exf5 Rxf5 23. Ne4 Nxe4 24. Bxe4 Rh5 25. Qxd3 Qxd3 26. Bxd3 Bxh3 27. Rf3
Bg4+ 28. Kg2 Bxf3+ 29. Kxf3 Rd8 30. Ke3 Rh3 31. Rg1 Rh2 32. c5 Kg7 33. Rb1 Rxa2
34. Rb7+ Kh6 0-1

[Event "Mechanics' Fall TNM; 30/90, SD/30"]
[Site "San Francisco"]
[Date "2012.10.30"]
[Round "3.4"]
[White "Rumph, Todd"]
[Black "Woebcke, Carl"]
[Result "1-0"]
[WhiteElo "2188"]
[BlackElo "1786"]
[PlyCount "71"]
[EventDate "2012.??.??"]

1. d4 d5 2. c4 e6 3. Nc3 Be7 4. cxd5 exd5 5. Bf4 Nf6 6. e3 O-O 7. Bd3 c5 8. Nf3
Nc6 9. h3 cxd4 10. exd4 Bd6 11. Bxd6 Qxd6 12. O-O Nb4 13. Bb1 Bd7 14. Ne5 Nc6
15. Nxc6 Bxc6 16. Qd2 Rfe8 17. Bc2 Ne4 18. Qd3 g6 19. Rae1 Rad8 20. Bb3 Nxc3
21. Qxc3 Bb5 22. Rxe8+ Rxe8 23. Re1 Rxe1+ 24. Qxe1 Qe6 25. Qe5 Qxe5 26. dxe5
Bc4 27. f4 f6 28. exf6 Kf7 29. Kf2 Kxf6 30. g4 b5 31. Ke3 g5 32. f5 Ke5 33.
Bxc4 bxc4 (33... d4+ 34. Kd3 bxc4+ 35. Kxc4 Ke4 36. f6 d3 37. f7 d2 38. f8=Q
d1=Q 39. Qf5+) 34. b3 d4+ 35. Kd2 Ke4 36. bxc4 1-0

[Event "Mechanics' Mar TNM; 30/90, SD/30"]
[Site "San Francisco"]
[Date "2012.08.21"]
[Round "4.15"]
[White "Russell, Ryan"]
[Black "Klinetobe, David"]
[Result "0-1"]
[WhiteElo "1731"]
[BlackElo "2055"]
[PlyCount "100"]
[EventDate "2012.??.??"]

1. e4 e6 2. d4 d5 3. exd5 exd5 4. Nf3 Nc6 5. Nc3 Bb4 6. Bd2 Nf6 7. Bb5 O-O 8.
Bxc6 bxc6 9. O-O Bg4 10. h3 Bh5 11. g4 Bg6 12. Ne5 c5 13. a3 Bxc3 14. bxc3 Ne4
15. f3 Nxd2 16. Qxd2 Qd6 17. f4 Be4 18. c4 f6 19. Nf3 dxc4 20. dxc5 Qxc5+ 21.
Qd4 Qc6 22. Nd2 Bg2 23. Rfe1 Bxh3 24. Qxc4+ Qxc4 25. Nxc4 Bxg4 26. Re7 Rfe8 27.
Rxc7 Rec8 28. Rxc8+ Rxc8 29. Ne3 Bf3 30. c4 Be2 31. Rc1 Bd3 32. c5 Be4 33. Rc4
f5 34. Kf2 Kf7 35. Kg3 Rc6 36. Ng4 Rg6 37. c6 Rxg4+ 38. Kh3 Bxc6 39. Rxc6 Rxf4
40. Rc7+ Kf6 41. Rxa7 h5 42. Ra6+ Kg5 43. a4 Rf3+ 44. Kg2 Ra3 45. a5 g6 46. Ra8
Kg4 47. a6 g5 48. a7 Ra2+ 49. Kg1 h4 50. Kh1 Kg3 0-1

[Event "Mechanics' Mar TNM; 30/90, SD/30"]
[Site "San Francisco"]
[Date "2012.08.07"]
[Round "2.24"]
[White "Russell, Ryan"]
[Black "Lassiter, Willie"]
[Result "1-0"]
[WhiteElo "1731"]
[BlackElo "1387"]
[PlyCount "25"]
[EventDate "2012.??.??"]

1. e4 c5 2. Nf3 Nc6 3. g3 g6 4. Bg2 Bg7 5. O-O Nf6 6. Nc3 d6 7. d3 Bg4 8. h3
Bd7 9. Re1 O-O 10. Bg5 Nd4 11. Nxd4 cxd4 12. Nd5 e5 13. Qf3 1-0

[Event "Mechanics' Mar TNM; 30/90, SD/30"]
[Site "San Francisco"]
[Date "2012.09.11"]
[Round "7.20"]
[White "Russell, Ryan"]
[Black "Mar, Henry"]
[Result "1/2-1/2"]
[WhiteElo "1731"]
[BlackElo "1500"]
[PlyCount "76"]
[EventDate "2012.??.??"]

1. e4 c6 2. d4 d5 3. Nc3 dxe4 4. Nxe4 Bf5 5. Ng3 Bg6 6. Nf3 Nd7 7. Bd3 Bxd3 8.
Qxd3 e6 9. O-O Ngf6 10. Ne4 Nxe4 11. Qxe4 Nf6 12. Qd3 Bd6 13. Bg5 h6 14. Bxf6
Qxf6 15. Rfe1 O-O 16. Ne5 Rad8 17. c3 c5 18. Qb5 Bxe5 19. dxe5 Qe7 20. Rad1 b6
21. b4 Rxd1 22. Rxd1 Rd8 23. Rxd8+ Qxd8 24. Qe2 Qd5 25. h3 c4 26. a4 a6 27. Kh2
b5 28. a5 Qd3 29. Qe3 Qxe3 30. fxe3 f5 31. exf6 gxf6 32. Kg3 Kf7 33. Kf4 Ke7
34. g4 Kd6 35. h4 Ke7 36. Ke4 Kd6 37. Kf4 Ke7 38. Ke4 Kd6 1/2-1/2

[Event "Mechanics' Mar TNM; 30/90, SD/30"]
[Site "San Francisco"]
[Date "2012.09.04"]
[Round "6.24"]
[White "Russell, Ryan"]
[Black "Rakonitz, David"]
[Result "1-0"]
[WhiteElo "1731"]
[BlackElo "1495"]
[PlyCount "93"]
[EventDate "2012.??.??"]

1. e4 e6 2. d4 d5 3. Nc3 dxe4 4. Nxe4 Nd7 5. Nf3 Ngf6 6. Bg5 Be7 7. Nxf6+ Bxf6
8. Bxf6 Nxf6 9. g3 b6 10. Bg2 Bb7 11. O-O O-O 12. Re1 Qd5 13. Nh4 Qb5 14. Bxb7
Rab8 15. Bg2 Qxb2 16. Nf3 Rbd8 17. Qb1 Qxb1 18. Raxb1 Rc8 19. Ne5 c5 20. c3
cxd4 21. cxd4 Rc7 22. Rbc1 Rfc8 23. Rxc7 Rxc7 24. Nc6 Kf8 25. Re3 Nd5 26. Bxd5
exd5 27. Nb4 Rc4 28. Nxd5 Rxd4 29. Nc3 a6 30. a4 Rd6 31. Kf1 Rd4 32. Ke2 Rd6
33. h4 h5 34. Kf3 Rd4 35. Ke2 Rd6 36. f3 Rd4 37. Re5 g6 38. a5 b5 39. Nxb5 axb5
40. Rxb5 Ra4 41. Kd3 Ke7 42. Kc3 Ra3+ 43. Kb4 Rxf3 44. a6 Rf6 45. a7 Ra6 46.
Ra5 Rb6+ 47. Ka4 1-0

[Event "Mechanics' Mar TNM; 30/90, SD/30"]
[Site "San Francisco"]
[Date "2012.09.25"]
[Round "9.17"]
[White "Ryaboy, Vadim"]
[Black "Bayaraa, Chinguun"]
[Result "1-0"]
[WhiteElo "1781"]
[BlackElo "1270"]
[PlyCount "95"]
[EventDate "2012.??.??"]

1. e4 c5 2. Nf3 d6 3. d4 cxd4 4. Nxd4 Nf6 5. Nc3 g6 6. Be3 Bg7 7. Bc4 Ng4 8.
Bb5+ Kf8 9. O-O Nxe3 10. fxe3 Bf6 11. Qf3 Kg7 12. Nd5 Nd7 13. Bxd7 Bxd7 14.
Nxf6 exf6 15. Rf2 Qe7 16. Raf1 Be8 17. Qg4 Bd7 18. Qf4 Rad8 19. Qxf6+ Qxf6 20.
Rxf6 Be8 21. c4 a6 22. R6f2 Rc8 23. b3 Rc7 24. Rf6 Rd7 25. R1f2 Rd8 26. Kf1 Rd7
27. g4 h6 28. Ke2 h5 29. g5 h4 30. R2f4 Rh5 31. Nf3 h3 32. Kf2 Rd8 33. Ke2 Rd7
34. Kd3 Rd8 35. Kd4 Rh7 36. Rh4 Rxh4 37. Nxh4 Bc6 38. Nf3 Re8 39. Rf4 Rb8 40.
a4 Kf8 41. e5 Bxf3 42. Rxf3 dxe5+ 43. Kxe5 Ke7 44. Kf4 Rh8 45. Kg3 Rh5 46. Kg4
Ke6 47. Rf6+ Ke7 48. Rb6 1-0

[Event "Mechanics' Mar TNM; 30/90, SD/30"]
[Site "San Francisco"]
[Date "2012.08.07"]
[Round "2.22"]
[White "Ryaboy, Vadim"]
[Black "Graeber, Marie"]
[Result "0-1"]
[WhiteElo "1781"]
[BlackElo "1424"]
[PlyCount "56"]
[EventDate "2012.??.??"]

1. e4 e6 2. d4 d5 3. Nc3 Bb4 4. e5 c5 5. a3 cxd4 6. Bb5+ Bd7 7. Bxd7+ Nxd7 8.
Qxd4 Bxc3+ 9. Qxc3 Rc8 10. Qg3 Kf8 11. c3 Qc7 12. Nf3 Ne7 13. O-O Ng6 14. Re1
Nc5 15. Nd2 Ne7 16. f4 Nf5 17. Qf3 Qb6 18. Kh1 h5 19. b4 Na4 20. Nb1 Qc7 21.
Be3 Nxe3 22. Qxe3 b6 23. Rc1 Nb2 24. Nd2 Nc4 25. Qd3 Nxd2 26. Qxd2 g6 27. Rc2
Qc4 28. Raa2 Qf1# 0-1

[Event "Mechanics' Mar TNM; 30/90, SD/30"]
[Site "San Francisco"]
[Date "2012.08.21"]
[Round "4.25"]
[White "Ryaboy, Vadim"]
[Black "Mar, Henry"]
[Result "1-0"]
[WhiteElo "1781"]
[BlackElo "1500"]
[PlyCount "61"]
[EventDate "2012.??.??"]

1. e4 c6 2. d4 d5 3. e5 Bf5 4. Nf3 e6 5. Be2 h6 6. O-O Nd7 7. c4 c5 8. cxd5
exd5 9. Nc3 Be6 10. dxc5 Bxc5 11. Nxd5 Ne7 12. Nf4 O-O 13. Nxe6 fxe6 14. Bc4
Nd5 15. Bxd5 Qb6 16. Bb3 Rad8 17. Qe2 Rde8 18. Qe4 Rf5 19. Qxf5 Nf8 20. Qg4 Kh8
21. Qh5 Qc6 22. Bf4 Re7 23. Rad1 g6 24. Qxh6+ Rh7 25. Qg5 Be7 26. Qg4 Kg7 27.
Bg5 Kg8 28. Bxe6+ Nxe6 29. Bxe7 Rxe7 30. Rd6 Qc8 31. Ng5 1-0